| 000 | 00646nam a2200229 a 4500 | ||
|---|---|---|---|
| 001 | BRCA_7080 | ||
| 005 | 20190320205715.0 | ||
| 008 | 081211s1948----ag-#######---#000-0#spa-# | ||
| 041 | _aspa | ||
| 044 | _aag | ||
| 050 | 4 |
_aPQ6623.A4 _b.C6 1948 |
|
| 100 | 1 |
_aMadariaga, Salvador de _d1886- _917600 |
|
| 245 | 1 | 0 |
_aEl corazón de piedra verde _bNovela |
| 250 | _a3 | ||
| 260 |
_aBuenos Aires _bEditorial sudamericana _c1948 |
||
| 300 |
_a683 p. _c21 cm. |
||
| 500 | _aEstado físico: lomo y cubiertas rotos, se estan desprendiendo | ||
| 500 | _aO66 | ||
| 650 | 1 | 4 |
_aNovela _ySiglo XV-XIX _zNueva España _917601 |
| 902 | _aGFM | ||
| 942 |
_2lcc _cB |
||
| 999 |
_c6761 _d6761 |
||